000 00633 a2200241 4500
005 20260116160315.0
008 260116b |||||||| |||| 00| 0 eng d
020 _a9789364440844
_cRs. 2395.00
040 _aMAIN
082 _a612
_bB275G(27)
100 _aBhagat, Anumeha
245 _a Ganong's review of medical physiology
250 _a27th
260 _bMcGraw Hill Education
_c2025
_aNew York
300 _aix, 770
650 _aMedical Science
650 _aHuman Physiology
700 _aBarret, Kim E
700 _aBarman, Susan M
700 _aBrooks, Heddwen L
700 _aYuan, Jason X J
942 _cBK
999 _c395203
_d395203